000
00306nam a2200121Ia 4500
008
190216s9999||||xx |||||||||||||| ||und||
100
_a
Narayamoorthi And Venketasan
245
0
_a
Mechanics Dynamics
260
_b
The National Publishing Company
_c
1970
300
_a
354p
650
_a
Physics
942
_c
BK
999
_c
32803
_d
32803